1359 1301 1161 1332 1447 1527 1158 1552 1256 1687 1320 1242 1399 1950 1101 1531 1212 1433 1734 1669 1358 1334 1392 1217 1499 1641 1686 1750 1182 1931 1025 1745 1293 1612 1943 1209 1477 1817 1430 1518 1939 1750 1040 1709 1199 1507 1101 1464 1430 1422 1357 1674 1175 1702 1524 1536 1377 1086 1785 1641 1435 1209 1399 1932 1750 1201 1986 1940 1365 1767 1861 1352 1588 1657 1233 1356 1444 1205 1239 1673 1491 1094 1749 1637 1676 1002 1707 1775 1793 1666 1729 1696 1589 1016 1037 1817 1563 1004 1946 BCNSPRNW ULIB Ver.6.0+V

เปลี่ยนเป็นภาษาไทย

Change to English
 แสดงรายละเอียดบรรณานุกรม
  กลับหน้าหลัก

Brief Record : Get Marc (ISO 2709) : E-mail record : QR code < ปิดหน้าต่าง
LEADER : 00000nam 2200000uu 4500
001    13399109313
003     ULIB
008    110329s2545||||th 000 0 tha d
020    9740501486
060 04 WA590^bด134ส 2545
100 0  ดวงใจ รัตนธัญญา
245 10 สุขศึกษา : หลักและกระบวนการเพื่อการส่งเสริมสุขภาพ =^bHealth education : principles and process for health promotion /^cดวงใจ รัตนธัญญา
246 31 Health education : principles and process for healthpromotion
250    พิมพ์ครั้งที่ 1
260    กรุงเทพฯ :^bภาควิชาการพยาบาลสาธารณสุขศาสตร์คณะพยาบาลศาสตร์ มหาวิทยาลัยมหิดล,^c2545
300    218 หน้า ;^c21 ซม.
504    ดรรชนี
650  7 การส่งเสริมสุขภาพ
650  7 สุขศึกษา
710 2  มหาวิทยาลัยมหิดล. ^bคณะพยาบาลศาสตร์.^bภาควิชาการพยาบาลสาธารณสุขศาสตร์
945    ^p120^l0^i015401
945    ^p120^l0^i015400
945    ^p120^l0^i015399
995    ทศพร
999 ^a ใช้งานได้ทุกระบบ
รายการนี้ยังไม่มีแท็ก
คุณยังไม่ได้ล็อกอิน คุณสามารถมีกิจกรรมร่วมกับเว็บไซต์ได้ แต่ต้องล็อกอินก่อน ::
  ล็อกอิน

รายการสื่อสารสนเทศ

ลำดับที่ ประเภท เลขเรียก/บาร์โค้ด สถานที่ สถานะ
- ไม่พบข้อมูล -

รายการใกล้เคียง
    หัวเรื่อง [การส่งเสริมสุขภาพ]
    หัวเรื่อง [สุขศึกษา]

BibComment


ยังไม่เคยถูกคอมเมนท์

คอมเมนท์ทรัพยากรรายการนี้
  คอมเมนท์: สุขศึกษา หลักและ..


 Copyright 2026. Bcnsprnw @Library